000 00278nam a2200097Ia 4500
005 20250424112906.0
008 250424s9999 xx 000 0 und d
300 _axix, 192 p. ; 22 cm.
650 _aIntellectual property--Nigeria--Periodicals. Law reviews--Nigeria.
942 _cSR
999 _c37730
_d37730